| 000 | 00542nam a2200169Ia 4500 | ||
|---|---|---|---|
| 999 |
_c9220 _d9220 |
||
| 003 | OSt | ||
| 005 | 20191223094043.0 | ||
| 008 | 190216s9999||||xx |||||||||||||| ||und|| | ||
| 040 | _coclc | ||
| 082 |
_a338.9 _bPEP/E |
||
| 100 |
_aPepelasis, Adamantios _9594 |
||
| 245 | 0 |
_aEconomic Development Analysis And Case Studies / _cAdamantios Pepelasis ; Leon Mears ; Irma Adelman |
|
| 260 |
_bUniversal Bookstall, _c1967. _a Newdelhi: |
||
| 300 | _a620p | ||
| 650 | _aEconomics | ||
| 942 |
_cBK _2ddc _h338.9 _iPEP/E _k338.9 _mPEP/E |
||